| Tag |
First Indicator |
Second Indicator |
Subfields |
| LEADER |
00000cam a2200000 a 4500 |
| 001 |
in00001402438 |
| 005 |
20151020055355.0 |
| 008 |
971113s1998 vau 101 0 eng |
| 010 |
|
|
|a 97043899
|
| 020 |
|
|
|a 0784403139
|
| 035 |
|
|
|a (OCoLC)37976697
|
| 035 |
|
|
|9 AHN4309AM
|
| 040 |
|
|
|a DLC
|c DLC
|d TXA
|d UtOrBLW
|
| 043 |
|
|
|a a------
|
| 049 |
|
|
|a TXAM
|
| 050 |
0 |
0 |
|a TA99
|b .I58 1998
|
| 082 |
0 |
0 |
|a 624/.095
|2 21
|
| 111 |
2 |
|
|a International Civil Engineering Conference
|n (1st :
|d 1998 :
|c Manila, Philippines)
|
| 245 |
1 |
0 |
|a Civil engineering in the Asia Region :
|b Asian infrastructure, sustainable development and project management : proceedings of the First International Civil Engineering Conference /
|c sponsored by American Society of Civil Engineers, Philippine Institute of Civil Engineers, Inc., Japan Society of Civil Engineers, Manila Philippines, February 19-20, 1998 ; edited by Elizabeth A. Downey.
|
| 264 |
|
1 |
|a Reston, VA :
|b American Society of Civil Engineeers,
|c [1998]
|
| 264 |
|
4 |
|c ©1998
|
| 300 |
|
|
|a xviii, 265 pages :
|b illustrations ;
|c 22 cm.
|
| 336 |
|
|
|a text
|b txt
|2 rdacontent
|
| 337 |
|
|
|a unmediated
|b n
|2 rdamedia
|
| 338 |
|
|
|a volume
|b nc
|2 rdacarrier
|
| 504 |
|
|
|a Includes bibliographical references and index.
|
| 650 |
|
0 |
|a Civil engineering
|z Asia
|x Congresses.
|
| 650 |
|
0 |
|a Civil engineering
|x Environmental aspects
|z Asia
|x Congresses.
|
| 650 |
|
0 |
|a Construction industry
|z Asia
|x Congresses.
|
| 650 |
|
0 |
|a Sustainable development
|z Asia
|v Congresses.
|
| 700 |
1 |
|
|a Downey, Elizabeth A.,
|d 1973-
|
| 710 |
2 |
|
|a American Society of Civil Engineers.
|
| 710 |
2 |
|
|a Philippine Institute of Civil Engineers.
|
| 710 |
2 |
|
|a Doboku Gakkai.
|
| 999 |
|
|
|a MARS
|
| 999 |
f |
f |
|s 626f023f-dcdd-3d52-ba90-aff8ca76bb94
|i c67f4592-9803-3e5b-a9dc-88eda7007d64
|t 0
|
| 952 |
f |
f |
|p ric
|a Texas A&M University
|b Rellis Campus
|c Joint Library Facility
|d Remote Storage
|t 0
|e TA99 .I58 1998
|h Library of Congress classification
|i unmediated -- volume
|m A14822158389
|
| 998 |
f |
f |
|a TA99 .I58 1998
|t 0
|l Remote Storage
|